000 00793nam a22002297a 4500
003 OSt
005 20240924071921.0
008 240924b |||||||| |||| 00| 0 eng d
020 _a9789710445455
040 _aDWCL-main lib.
_cOC
082 _aFil. 490.75 Es77p 2009
100 _aESPINA, LETICIA D.
245 _aPagbasa at pagsulat tungo sa pananaliksik (Filipino 2) /
_bLeticia D. Espina, Norly R. Plasencia, Victoria R. Ramos
260 _aManila :
_bMindshapers Co., Inc.,
_cc2009.
300 _avi, 223 pages ;
_c25 cm.
504 _aIncludes bibliographical references.
650 _aFilipino language
_xReaders
650 _aFilipino language
_xStudy and teaching
700 _aPlasencia, Norly R.
700 _a Ramos, Victoria R.
942 _2ddc
_cBK - FIL
_kFil. 490.75 Es77p
_n1
999 _c3085
_d3085